LEADER 01604nam 2200505 450 001 9910822135103321 005 20230810001744.0 010 $a1-119-36878-2 010 $a1-119-36877-4 035 $a(CKB)3710000001024825 035 $a(MiAaPQ)EBC4790379 035 $a(Au-PeEL)EBL4790379 035 $a(CaPaEBR)ebr11332870 035 $a(CaONFJC)MIL989120 035 $a(OCoLC)969550611 035 $a(EXLCZ)993710000001024825 100 $a20170206h20172017 uy 0 101 0 $aeng 135 $aurcnu|||||||| 181 $2rdacontent 182 $2rdamedia 183 $2rdacarrier 200 10$aCompressible flow propulsion and digital approaches in fluid mechanics /$fMichel Ledoux, Abdelkhalak El Hami 210 1$aLondon, [England] :$cISTE,$d2017. 210 4$dİ2017 215 $a1 online resource (293 pages) $cillustrations, tables 225 1 $aMathematical and Mechanical Engineering Set ;$vVolume 4 311 $a1-78630-112-1 311 $a1-119-36876-6 320 $aIncludes bibliographical references and index. 410 0$aMathematical and Mechanical Engineering Set ;$vVolume 4. 606 $aFluid mechanics 606 $aIrreversible processes 615 0$aFluid mechanics. 615 0$aIrreversible processes. 676 $a620.10 700 $aLedoux$b Michel$059813 702 $aEl Hami$b Abdelkhalak 801 0$bMiAaPQ 801 1$bMiAaPQ 801 2$bMiAaPQ 906 $aBOOK 912 $a9910822135103321 996 $aCompressible flow propulsion and digital approaches in fluid mechanics$93974174 997 $aUNINA LEADER 01875oam 2200469 a 450 001 9910800032103321 005 20240201114942.0 035 $a(EXLCZ)9930019503200041 100 $a20070928d2007 uy 0 101 0 $aeng 135 $aurcn#---aua|| 181 $ctxt$2rdacontent 182 $cc$2rdamedia 183 $acr$2rdacarrier 200 02$aA Place we called home $ea history of Illinois Soldiers' Orphans' Home 1864-1931, Illinois Soldiers' and Sailors' Children's School 1931-1979 /$fcompiled and edited with additional material by Ruth Cobb 205 $aDigital edition. 210 1$a[Normal, IL] :$cIllinois Soldiers' and Sailors' Children's School Historical Preservation Society,$d[2007] 210 4$dİ2007 215 $a1 online resource (viii, 146 pages) $cillustrations, portraits 311 08$aPrint version: A Place we called home : a history of Illinois Soldiers' Orphans' Home 1864-1931, Illinois Soldiers' and Sailors' Children's School 1931-1979 (OCoLC)173484946 517 3 $aHistory of Illinois Soldiers' Orphans' Home 1864 - 1931, Illinois Soldiers' and Sailors' Children's School 1931 - 1979 517 3 $aIllinois Soldiers' Orphans' Home 1864 - 1931 517 3 $aIllinois Soldiers' and Sailors' Children's School 1931 - 1979 606 $aOrphanages$zIllinois$zNormal 606 $aOrphanages$2fast$3(OCoLC)fst01048423 607 $aNormal (Ill.) 607 $aIllinois$zNormal$2fast$1https://id.oclc.org/worldcat/entity/E39PBJkp9F8mb8hkmFmVvWKDbd 615 0$aOrphanages 615 7$aOrphanages. 701 $aCobb$b Ruth A$01587300 801 0$bIEI 801 1$bIEI 801 2$bIHI 801 2$bOCLCQ 801 2$bOCLCF 801 2$bOCLCA 801 2$bOCLCO 801 2$bOCLCQ 801 2$bOCLCL 912 $a9910800032103321 996 $aA Place we called home$93874981 997 $aUNINA